01883nas a2200241Ia 4500001001100000003001000011008004100021040002500062041001300087100002000100210002000120222002000140245009800160250001100258260008500269300001200354310001000366362003100376500055300407501011400960520055301074650001401627R050-S0535IT-CnALBA170116c99999999xx |||||||||||| ||und|| aIT-CnALBAcIT-CnALBA aITALIANO aZANELLA GIACOMO aNUOVA ANTOLOGIA aNUOVA ANTOLOGIA 0aNUOVA ANTOLOGIA. LUGLIO AGOSTO 1882. II SERIE. VOL. XXXIV. b RIVISTA DI LETTERE SCIENZE ARTI a1a ed. a ROMAbDIREZIONE NUOVA ANTOLOGIA c1882 [1° Ed.:1882 - Ed.Ling.Originale: 1882] a792 p.  aVARIA aFascicolo: 13-16 / (1882) aALESSANDRO POPE E ANTONIO CONTI. BASILICA DI S. PIETRO E IL PAPATO DOPO IL CONCILIO DI TRENTO, IMPRESSIONI DI UN ERETICO IN ARTE, BARZELLOTTI G. ODIERNO REGIME PARLAMENTARE NELLE COLONIE INGLESI. PALMA L. AMORE HA CENT''OCCHI, RACCONTO. LE DELUSIONI DEI VALICHI ALPINI. ASSAB, LA PRIMMA COLONIA ITALIANA, BRUNIALTI A. RASSEGNA MUSICALE. LE ACCADEMIE FILARMONICHE A ROMA. OBERON DI WEBER. LA PERI, POEMA LIRICO DEL MAESTRO LEONARDI. RASSEGNA POLITICA. CONFERENZA DI COSTANTINOPOLI. BOLLETTINO FINANZIARIO DELLA QUINDICINA. BOLLETTINO BIBLIOGRAFICO.  aSocietà San Paolo EM - Piazza San Paolo, 14 - 12051 ALBA (CN) (non commercial uses only) ® Copyright 2017 aALESSANDRO POPE E ANTONIO CONTI. BASILICA DI S. PIETRO E IL PAPATO DOPO IL CONCILIO DI TRENTO, IMPRESSIONI DI UN ERETICO IN ARTE, BARZELLOTTI G. ODIERNO REGIME PARLAMENTARE NELLE COLONIE INGLESI. PALMA L. AMORE HA CENT''OCCHI, RACCONTO. LE DELUSIONI DEI VALICHI ALPINI. ASSAB, LA PRIMMA COLONIA ITALIANA, BRUNIALTI A. RASSEGNA MUSICALE. LE ACCADEMIE FILARMONICHE A ROMA. OBERON DI WEBER. LA PERI, POEMA LIRICO DEL MAESTRO LEONARDI. RASSEGNA POLITICA. CONFERENZA DI COSTANTINOPOLI. BOLLETTINO FINANZIARIO DELLA QUINDICINA. BOLLETTINO BIBLIOGRAFICO.  aPERIODICI